Антипириламиды замещенных ароматических кислот как потенциальные жаропонижающие и антивоспалительные средства; Журнал Всесоюзного химического общества им. Д. И. Менделеева; Т. 10, № 3

Detaylı Bibliyografya
Parent link:Журнал Всесоюзного химического общества им. Д. И. Менделеева.— , 1960-1991.— 0373-0247
Т. 10, № 3.— 1965.— С. 358-359
Yazar: Степнова Г. М.
Diğer Yazarlar: Шмидт Е. В.
Dil:Rusça
Baskı/Yayın Bilgisi: 1965
Konular:
Materyal Türü: MixedMaterials Kitap Bölümü
KOHA link:https://koha.lib.tpu.ru/cgi-bin/koha/opac-detail.pl?biblionumber=586845

MARC

LEADER 00000naa2a2200000 4500
001 586845
005 20241209132535.0
035 |a (RuTPU)RU\TPU\prd\289437 
035 |a RU\TPU\tpu\7367 
090 |a 586845 
100 |a 20220112d1965 k z0rusy50 ca 
101 0 |a rus 
102 |a RU 
200 1 |a Антипириламиды замещенных ароматических кислот как потенциальные жаропонижающие и антивоспалительные средства  |f Г. М. Степнова, Е. В. Шмидт 
320 |a Библиогр.: 6 назв. 
461 |0 (RuTPU)RU\TPU\prd\518  |x 0373-0247  |t Журнал Всесоюзного химического общества им. Д. И. Менделеева  |d 1960-1991 
463 0 |0 (RuTPU)RU\TPU\prd\124122  |t Т. 10, № 3  |v С. 358-359  |d 1965 
610 1 |a медицинские науки 
610 1 |a труды учёных ТПУ 
700 1 |a Степнова  |b Г. М. 
701 1 |a Шмидт  |b Е. В. 
801 0 |a RU  |b 63413507  |c 20011210  |g PSBO 
801 2 |a RU  |b 63413507  |c 20220112  |g PSBO 
942 |c CR